00889nam a2200265 a 450000100060000000300080000600500170001400800410003103500190007203500120009104000270010304100080013008200260013810000540016424500450021826000600026330000250032365000280034865000280037665000230040465000460042794200120047399900170048595201210050276498BD-RjUL20211209082843.0191211s1959 nyu 000 0 eng d a(BD-RjUL)76721 a2393805 aANLbengcANLdBD-RjUL aeng04223a823.914bSTE 19591 aStewart, Mary Florence Elinor,d1916-2014923635210aNine coaches waiting /cby Mary Stewart. aGarden City, N.Y. :b Nelson Doubleday, Inc., c c1959. a608 pages ; c22 cm. aEnglish fiction9236353 aRomance fiction9236354 aMiddle age9236355 aAmerican wit and humor, Pictorial9236356 2ddccBK c76498d76498 00102ddc40718FICaRUCLbRUCLcReadingd2019-12-11l0o823.914 STE 1959r2019-12-11 00:00:00tC-1w2019-12-11yBK